000 01670nam2a22003971 4500
001 RU\NLR\A1SV\110753
005 20260225112254.1
035 _a(NLR Aleph) 009792106
090 _a13487012
_c13487012
100 _a20110520d1922 u y0rusy50 ca
101 0 _arus
200 0 _aКн.1
210 _d1922
215 _aVIII, 175 с., 2 л. портр., карт.
_cил.
320 _aБиблиогр.: С.55-57
327 0 _aАвт. ст.: Козаков, М.А., Мейснер, В.И., Киселевич, К.А., Фрейман, С., Дорофеев, С., Назаревский, М.И., Березовский, А., Фаресов, В.В., Спичаков, Ф.А., Державин, А.
461 1 _1001RU\NLR\A1SV\110752
_12000#$vКн.1
_910140821
_cМ.
_d1922-1923
_fИзд. под ред. пред. Научрыббюро В.И.Мейснера
_tРыбное хозяйство
_vКн.1
702 1 _aКозаков
_bМ. А.
702 1 _aМейснер
_bВ. И.
702 1 _aКиселевич
_bК. А.
_f1882-1938
_gКонстантин Андреевич
702 1 _aФрейман
_bС.
702 1 _aДорофеев
_bС.
702 1 _aНазаревский
_bМ. И.
_f1874-1938
_gМихаил Иванович
702 1 _aБерезовский
_bА.
702 1 _aФаресов
_bВ. В.
702 1 _aСпичаков
_bФ. А.
702 1 _aДержавин
_bА. Н.
_f1878-1963
_gАлександр Николаевич
801 0 _aRU
_bNLR
_c20110520
852 _aNLR
_j17.134.4.52-1
852 _aNLR
_j127/204-1
942 _cBOOK
980 _aA1SV
980 _aA1SV
980 _aA1SV
980 _aNB